Every Governor of California - Statistics

General Stats
  • This quiz has been taken 85 times
  • The average score is 12 of 40
Answer Stats
Picture Hint Answer % Correct
R(2003-2011) Arnold Schwarzenegger
100%
D(2019-) Gavin Newsom
97%
R(1967-1975) Ronald Reagan
95%
D(2011-2019) Jerry Brown
87%
D(1975-1983) Jerry Brown
87%
D(1999-2003) Gray Davis
85%
D(1959-1967) Pat Brown
85%
P(1911-1917) Hiram Johnson
59%
R(1943-1953) Earl Warren
56%
A(1856-1858) J. Neely Johnson
56%
R(1991-1999) Pete Wilson
46%
R(1983-1991) George Deukmejian
33%
R(1953-1959) Goodwin Knight
28%
R(1934-1939) Frank Merriam
18%
R(1862-1863) Leland Stanford
15%
D(1939-1943) Culbert Olson
13%
R(1875-1875) Romualdo Pacheco
13%
U(1863-1867) Frederick Low
10%
R(1903-1907) George Pardee
10%
R(1899-1903) Henry Tifft Gage
10%
R(1931-1934) James Rolph
10%
D(1852-1856) John Bigler
10%
N-P(1849-1851) Peter Hardeman Burnett
10%
R(1917-1923) William Stephens
10%
R(1927-1931) C. C. Young
8%
R(1923-1927) Friend Richardson
8%
R(1880-1883) George Clement Perkins
8%
D(1883-1887) George Stoneman
8%
D(1867-1871) Henry Huntly Haight
8%
R(1891-1895) Henry Markham
8%
D(1895-1899) James Budd
8%
R(1907-1911) James Gillett
8%
D(1858-1860) John B. Weller
8%
D(1860-1862) John G. Downey
8%
N-P(1851-1852) John McDougal
8%
D(1860-1860) Milton Latham
8%
R(1871-1875) Newton Booth
8%
R(1887-1891) Robert Waterman
8%
D(1887-1887) Washington Bartlett
8%
D(1875-1880) William Irwin
8%
No matching quizzes found
Score Distribution
Percent of People with Each Score
Percentile by Number Answered
Your Score History
You have not taken this quiz